| 000 | 00884nam a2200253 i 4500 | ||
|---|---|---|---|
| 001 | bg | ||
| 100 | 1 | _aHADAM, Paweł | |
| 245 | 1 | 0 |
_aProjektowanie systemów mikroprocesorowych / _cPaweł Hadam. |
| 260 |
_aWarszawa : _b"BTC", _c2004. |
||
| 300 |
_a216 s. : _bil. ; _c25 cm. |
||
| 504 | _aIndeks. | ||
| 521 | _aDla uczniów i studentów uczelni technicznych, a także wszystkich elektroników zainteresowanych projektowaniem systemów mikroprocesorowych. | ||
| 650 | 9 |
_aMikrokontrolery _xprojekty |
|
| 650 | 9 |
_aMikroprocesor _xprojekty |
|
| 655 | _aPodręczniki | ||
| 020 | _a8391006794 | ||
| 040 | _cBPK | ||
| 041 | 0 | _apol | |
| 080 | _a621.3.049.77:004.31](07) | ||
| 920 | _a83-910067-9-4 | ||
| 942 | _cKS | ||
| 008 | s pl f |000 0 pol | ||
| 999 |
_c44478 _d44478 |
||
| 856 |
_uhttp://koha.tu.koszalin.pl/cgi-bin/koha/opac-detail.pl?biblionumber=44478 _yKatalog online BPK |
||